Statistiken für Lieder an Bildern erkennen Teil 2

Klicken Sie hier um das Quiz zu spielen!

Allgemein

  • Dieses Quiz wurde 2.068 mal gespielt
  • Das Durchschnittsergebnis liegt bei 11 aus 24

Antwortstatistiken

Antwort% Korrekt
Engel
95%
Haus am See
90%
Griechischer Wein
85%
In der Weihnachtsbäckerei
83%
Neymar
76%
Lila Wolken
71%
Freiheit
70%
Das Boot
69%
Späti
58%
Westerland
49%
Der Kommissar
47%
Wenn sie tanzt
46%
Stark
44%
Herz aus Glas
38%
Du hast den Farbfilm vergessen
32%
Kein Zurück
28%
Die Karawane zieht weiter
27%
Bodo mit dem Bagger
26%
Der Junge mit der Mundharmonika
24%
Weinst du
24%
Dein ist mein ganzes Herz
19%
Hohe Berge
12%
Presslufthammer B-B-Bernhard
10%
Es gibt kein Bier auf Hawaii
6%

Verteilung der Resultate

Perzentil nach korrekt beantworteten Fragen

Anzahl Personen mit jedem Resultat

Ihre Resultats-Entwicklung

Sie haben dieses Quiz noch nicht gespielt